Théodicée ou Traité elémentaire de la religion naturelle et de la religion révélée (Record no. 44917)

MARC details
000 -Etiqueta do registo
Valores 00903nam a2200253 4500
010 ## - Número ISBN
ISBN 9722713906
021 ## - Número do Depósito Legal
Número 224477/05
100 ## - Dados gerais de processamento
Dados gerais 20050725d2005 m y0pory5003 ba
101 0# - Língua de publicação
Língua fre
102 ## - País de publicação
País PT
200 1# - Titulo e menção de responsabilidade
Título próprio Théodicée ou Traité elémentaire de la religion naturelle et de la religion révélée
Primeira menção de responsabilidade Silvestre Pinheiro Ferreira
Outras menções de responsabilidade leitura e fixacão do texto de Rodrigo S. Cunha
210 #9 - Publicação
Local de publicação Lisboa
Nome do editor Imprensa Nacional-Casa da Moeda,
Data de publicação 2005
215 ## - Descrição física 
Paginação / Volumes 330, [5] p.
Dimensões 24 cm
225 2# - Colecção 
Título próprio da colecção Pensamento português
304 ## - Nota relativa ao título
Texto de nota Tít. orig.: Théodicée ou traité élémentaire de la religion naturelle et de la religion révélée
675 ## - CDU
Notação 2-21/-22
Edição BN
Língua por
675 ## - CDU
Notação 27-1
Edição BN
Língua por
675 ## - CDU
Notação 27-22
Edição BN
Língua por
700 #1 - Autor principal
Apelido Ferreira,
Nome Silvestre Pinheiro,
Datas 1769-1846
702 #1 - Autor secundário
Apelido Cunha,
Nome Rodrigo S.,
Datas 1967-
Função 340
801 #0 - Fonte de origem
País PT
Agência BN
Regras de catalogação RPC
990 ## - Elementos KOHA
Tipo de documento Livro
Holdings
Aquisição Empréstimo Código de barras Cota Permissão de empréstimo Tipo de documento Nota relativa ao exemplar
Biblioteca Municipal de Redondo Biblioteca Municipal de Redondo 055214 2-21/-22 FER   Livro depósito

Powered by Koha